000 00637nam a2200265Ia 4500
005 20260121165948.0
008 008 260114s9999 xx 000 0 eng d
020 _a9783658128685
037 _aEBOOK
040 _aCRL
040 _beng
040 _cCRL
041 _2eng
041 _aeng
084 _qCRL
100 _aFelix Langenmayr
_91058138
245 0 _aOrganisational Memory as a Function
260 _bSpringer
260 _bSpringer
260 _c2016
856 _uhttps://link.springer.com/openurl?genre=book&isbn=978-3-658-12868-5
942 _cEBOOK
999 _c1623867
_d1623867